Accra Trivia Quiz - Statistics

General Stats
  • This quiz has been taken 26 times
  • The average score is 5 of 15
Answer Stats
Hint Anwser % Correct
Country of Accra Ghana
95%
Most spoken language in Accra English
55%
Accra was the capital of the Britsh colony called: Gold Coast
55%
Ocean Gulf on which Accra lies Gulf of Guinea
50%
The biggest city in this country after Accra Kumasi
50%
Accra is the second capital alphabetically in Africa. Which city is first? Abuja
35%
Region of Accra Greater Accra
35%
Name of the president who have a mausoleum in the Memorial Park Kwame Nkrumah
35%
Accra is the third biggest city is Africa starting with a 'A'. Which cities are bigger? Alexandria, Abidjan
25%
Accra is derives from Nkran. Which animal is called Nkran in the Amar language? Ants
15%
Name of the Square that is also known as Independent Square Black Star Square
15%
Coastal Fort who have been in hands of the Sweden, Denmark, Portugal, Uk and the Dutch. Also was it the previous seat of government. Osu Castle
5%
Name of the protected delta area next to Accra Densu Delta
0%
Name of the presidential palace Golden Jibilee House
0%
Most famous beach of Accra Labadi Beach
0%
No matching quizzes found
Score Distribution
Percent of People with Each Score
Percentile by Number Answered
Your Score History
You have not taken this quiz